000 00353nam a2200133Ia 4500
008 230312s9999||||xx |||||||||||||| ||und||
020 _a1-58816-758-3
082 _a747
_bHOU
245 0 _aHouse Beautiful 500 Sensational Ways to Create Your Ideal Home
260 _bHearst Books
_aLondon
_c2007
300 _a480
650 _aArchitecture
942 _cBK
999 _c11838
_d11838